Science Quiz

Random Science or Anatomy Quiz
Score 0/18 Timer 05:00
8 Plays Today
Question Answer Wrong Answers
Dermatologist Skin
94.4%
Obesity
0.2%
Ear and throat
0.3%
Lungs
0.2%
Cardiologist Heart
94.3%
Nose
0.2%
Kidneys
0.2%
Muscle and joint pain
0.4%
Gastroenterologist Stomach and intestines
94%
Kidneys
0.7%
Heart
0.2%
Feet
0.2%
Psychiatrist Mental disorders
93.5%
Allergic conditions
0.3%
Brain, spine, and nerves
1.1%
Arteries and veins
0.2%
Gynecologist Female reproductive system
93.3%
Cancer
0.4%
Arteries and veins
0.4%
Urinary system
1.1%
Neurologist Brain, spine, and nerves
90.6%
Mental disorders
3.4%
Muscle and joint pain
0.7%
Glands and hormonal disorders
0.5%
Pulmonologist Lungs
89.6%
Brain, spine, and nerves
1.7%
Allergic conditions
2.6%
Newborn disorders
1.2%
Oncologist Cancer
89.1%
Sexually transmitted diseases
1.8%
Kidneys
1.6%
Liver, gallbladder, and pancreas
2.6%
Geriatrician Elderly
89%
Newborn disorders
2.6%
Children's health
1.8%
Pregnancy and childbirth
1.8%
Endocrinologist Glands and hormonal disorders
88.6%
Brain, spine, and nerves
2.6%
Blood disorders
2.9%
Lungs
1%
Hematologist Blood disorders
88.2%
Liver, gallbladder, and pancreas
3.5%
Kidneys
1.8%
Allergic conditions
1.7%
Proctologist Rectum and anus
87.3%
Urinary system
5.5%
Female reproductive system
0.9%
Pregnancy and childbirth
1.3%
Ophthalmologist Eyes
85.8%
Nose
4.2%
Mouth
4.3%
Brain
0.9%
Otolaryngologist Ear and throat
85%
Kidneys
3.5%
Lungs
2.6%
Stomach and intestines
3.9%
Obstetrician Pregnancy and childbirth
83.6%
Elderly
2.4%
Children's health
5.9%
Muscle and joint pain
3.2%
Rheumatologist Muscle and joint pain
82.3%
Glands and hormonal disorders
5%
Liver, gallbladder, and pancreas
2.8%
Nose and throat
5%
Nephrologist Kidneys
76.4%
Female reproductive system
1.7%
Mental disorders
3.1%
Bones, tendons, and ligaments
13.8%
Hepatologist Liver, gallbladder, and pancreas
54.7%
Stomach and intestines
1.2%
Blood disorders
28.3%
Arteries and veins
11%

You're not logged in!

Compare scores with friends on all Sporcle quizzes.
OR
Log In

Sporcle TV

Today on Sporcle TV


Watch our educational content, quiz creation guides, and fun videos on Sporcle TV.

Show Comments

Extras

Top Quizzes Today


Score Distribution

Paid Content

Your Account Isn't Verified!

In order to create a playlist on Sporcle, you need to verify the email address you used during registration. Go to your Sporcle Settings to finish the process.

Report this User

Report this user for behavior that violates our Community Guidelines.

Details: